LEADER 01452nam 2200421 450 001 000002125 005 20070503173400.0 100 $a20010417d1969----km-y0itay0103----ba 101 0 $aita 102 $aIT 200 1 $aAiuola di Francia$fEmilio Cecchi 200 1 $a1 $n0005214 210 $aMilano$c<> Saggiatore$dc1969 215 $a474 p.$d21 cm. 225 1 $aSaggi di arte e di letteratura$v22 606 $aLetteratura francese$xSaggi$zSec. 16-20 676 $a840.9$v(20. ed.)$9Letteratura Francese. Storia, descrizione, studi critici 700 1$aCecchi,$bEmilio$037550 801 0$aIT$bUniversità della Basilicata - B.I.A.$gRICA$2unimarc 912 $a000002125 996 $aAiuola di Francia$971455 997 $aUNIBAS BAS $aMONLET BAS $aMONOGR BAS $aLETTERE CAT $aLAURINO$b01$c19990813$lBAS01$h1141 CAT $aDILEO$b01$c20000605$lBAS01$h1315 CAT $c20000920$lBAS01$h1829 CAT $c20001010$lBAS01$h1632 CAT $aTROMBONE$b01$c20010417$lBAS01$h1215 CAT $c20050601$lBAS01$h1752 CAT $abatch$b01$c20050718$lBAS01$h1047 CAT $c20050718$lBAS01$h1106 CAT $c20050718$lBAS01$h1136 CAT $c20050718$lBAS01$h1150 CAT $aBATCH$b00$c20070503$lBAS01$h1734 FMT Z30 -1$lBAS01$LBAS01$mBOOK$1BASA1$APolo Storico-Umanistico$2GEN$BCollezione generale$3FP/88252$9FP/88252$688252$5L88252$819990813$f02$FPrestabile Generale